| 000 | 01102nam a22003497a 4500 | ||
|---|---|---|---|
| 003 | CHAP | ||
| 005 | 20220817041846.0 | ||
| 008 | 971013s1976 r 00010 d | ||
| 010 | _a26781 | ||
| 011 | _a27753 | ||
| 035 | _a31854 | ||
| 040 | _cCHAP | ||
| 090 | _aFolleto 2934 | ||
| 110 |
_aInstituto Mexicano de Comercio Exterior _959249 |
||
| 245 | _aMéxico exporta hortalizas | ||
| 260 |
_aMéxico, D.F. : _bEl Instituto, _c1976 |
||
| 300 | _as.p. | ||
| 490 |
_aPublicación _v; 393 |
||
| 500 | _aHoja desplegable | ||
| 590 |
_aBATCH-UPD _b10 _c20130110 _lUCH01 _h0122 |
||
| 590 |
_aBATCH-UPD _b10 _c20130110 _lUCH01 _h1330 |
||
| 590 |
_aBATCH-UPD _b10 _c20130409 _lUCH01 _h2115 |
||
| 590 |
_aBATCH-UPD _b10 _c20130410 _lUCH01 _h0836 |
||
| 590 |
_aBATCH-UPD _b10 _c20130914 _lUCH01 _h1719 |
||
| 590 |
_aCONVERSION _b10 _c20130109 _lUCH01 _h1315 |
||
| 650 | 1 | 4 |
_aLegumbres _xMercadeo _xMéxico. _965747 |
| 830 | 0 |
_aPublicación _v; 393 |
|
| 901 | _aBK | ||
| 942 | _cFOLL | ||
| 949 |
_aFolleto 2934 _bBC _cFOLL _d-73680 _eTS1 _i31854 _mD _si |
||
| 949 |
_aFolleto 2934 _bBC _cFOLL _d-73681 _eTS2 _fc.2 _i31854 _mD _si |
||
| 999 |
_c26781 _d26781 |
||